000 00426nam a2200169Ia 4500
003 GCL
008 140319s9999 xx 000 0 ara d
040 _aGCL /
_cGCL
082 0 4 _a928
_bط ت
100 1 _aطه حسين
245 1 0 _aتجديد ذكرى أبى العلاء /
_cطه حسين
300 _a295 ص
490 _a
650 0 4 _aالادباء
650 0 4 _aابوالعلاء المعرى
942 _2ddc
_cBK
999 _c40224
_d40224